| 000 | 00742nam a2200277Ia 4500 | ||
|---|---|---|---|
| 001 | 10679 | ||
| 005 | 20240113235234.0 | ||
| 007 | ta | ||
| 008 | 050805s1967 a g b000 u eng u | ||
| 020 | _cHB | ||
| 040 | _aCotton College Assam | ||
| 041 | _aeng | ||
| 082 |
_a209 _bW 462 G |
||
| 100 | _aWells, Donald A.. | ||
| 245 | 0 |
_aGod, Man and the Thinker: Philosophy of Religion / _cDonald A.Wells. _hTextual Documents |
|
| 250 | _a1st ed / | ||
| 260 |
_aNew York : _bDell Publishing Co. , _c1967. |
||
| 300 |
_a507p. : _bill ; _c21cm. . |
||
| 504 | _aIndex | ||
| 653 | _aPhilosophy- Religion | ||
| 653 | _aReligion-Philosophy | ||
| 653 | _aMS-Philosophy | ||
| 942 |
_2ddc _cBK |
||
| 999 |
_c10666 _d10666 |
||